000
00286nam a22001337a 4500
008
170512b xxu||||| |||| 00| 0 eng d
020
_a
9781588265654
041
_a
eng
080
_2
3RD
_a
94
100
_a
16
101
_a
SHH
245
_a
MIDDLE EAST
_c
SCHEDLER, J
942
_2
udc
_c
BK
999
_c
13314
_d
13314